Il Regalo Più Grande - Tiziano Ferro - Testo Completo - Statistics

Statistiche generali
  • Questo quiz è stato fatto 148 volte
    147 dall'ultimo reset
  • Il punteggio medio è 306 su 379
Statistiche sulle risposte
Risposta % Corretto
il
96%
Il
96%
mi
96%
regalo
96%
Regalo
96%
tu
95%
tu,
95%
a
94%
che
94%
Che
94%
grande
94%
mio
94%
o
94%
O
94%
più
94%
se
94%
e
92%
E
92%
è
92%
È
92%
un
92%
Un
92%
di
91%
Di
91%
la
91%
Per
91%
per
91%
so
91%
te
91%
Non
90%
non
90%
amore
87%
Amore,
87%
Amore
87%
luna
87%
notte
87%
perché
87%
Perché
87%
Vorrei
87%
chi
86%
con
86%
pensare
86%
sorriso
86%
tuo
86%
possa
85%
donare
84%
farti
84%
guarda
84%
Ti
84%
ti
84%
alla
82%
dice
82%
gente
82%
importa
82%
importante
82%
sei
82%
Sei
82%
Voglio
82%
voglio
82%
ciò
81%
hai
81%
mai
81%
poi
81%
Qualcosa
81%
qualcosa
81%
raro
81%
tua
81%
quelli
80%
comune
77%
gelosia
77%
in
77%
apri
76%
piangi
76%
via
76%
cuore
75%
dolce,
73%
sempre
73%
anche
72%
giorno
72%
metà
72%
settembre
72%
aperto
71%
facessi
71%
fingi
71%
ricordarti
71%
andava
70%
nel
70%
presenza
70%
protetto
70%
però
68%
questo
68%
si
68%
contenta
67%
arrivo
66%
nostro,
66%
partenza
66%
partire
66%
accettato
65%
ho
65%
solo
65%
vita,
65%
vita
65%
Devo
63%
mia
63%
ad
62%
perso
62%
del
61%
fronte
61%
lasciato
61%
preso,
61%
adesso
59%
burrone
59%
come
59%
dedicherò
59%
fine
59%
treno
59%
quella
58%
questa
58%
altra
57%
aprire
57%
arrivasse
57%
altri
56%
degli
56%
male
56%
dato,
54%
stanco
54%
agonia
53%
respira
53%
tempo
53%
volare
53%
reso
52%
arreso
51%
confondevo
51%
sogno
51%
tutto
49%
amare
48%
inespresso,
48%
prima
48%
incontrarti
47%
molto
47%
sia
47%
voler
47%
estrema
46%
occhi
46%
qui
46%
attento
44%
farmi
44%
donarmelo
43%
stavo
43%
nega
39%
odiare
39%
tuoi
38%
ora
34%
volermi
32%
coi
30%
parla
22%
Nessun quiz corrispondente trovato
Distribuzione punteggi
Percentuale di utenti per punteggio
Percentile per numero di risposta
I tuoi punteggi nel tempo
Non hai fatto questo quiz dall'ultimo reset